Vista normal
Vista MARC
Entrada Personal Name
Número de registros utilizados en: 1
001 - CONTROL NUMBER
- control field: 475
003 - CONTROL NUMBER IDENTIFIER
- control field: OSt
005 - DATE AND TIME OF LATEST TRANSACTION
- control field: 20200212114824.0
008 - FIXED-LENGTH DATA ELEMENTS
- fixed length control field: 200212|| aca||aabn | a|a d
040 ## - CATALOGING SOURCE
- Original cataloging agency: OSt
- Transcribing agency: OSt
100 ## - HEADING--PERSONAL NAME
- Personal name: Carbonell, Nora,
670 ## - SOURCE DATA FOUND
- Source citation: Work cat.: (OSt): Carbonell, Nora, autora, Sankac, el adivino / , 2013